| 000 | 01362cab a2200205 4500 | ||
|---|---|---|---|
| 001 | L129158 | ||
| 008 | 050324n2005 000 0 eng u | ||
| 035 | _a(Sirsi) u129158 | ||
| 041 | _aeng | ||
| 245 | _aAbbott and another v Will Gannon and Smith Ltd | ||
| 260 | _c2005 | ||
| 520 | _a[2005] EWCA (Civ) 198, 2 March 2005. Discusses whether the period of limitation begins when damage occurs or when the owners suffers economic loss. A appealed a decision that a claim bought by the respondent W in negligence was not statute barred. W had retained A to carry out remedial work on a large bay window. Four years later the lintel had moved and cracked the surrounding structure, leading to further works. W issued proceedings against A claiming cost of remedial works and consequential losses. The contract claim was statute barred. "Held": the appeal was dismissed. Pirelli General Cable Works Ltd v Oscar Faber and Partners (HL, [1983] 2 AC) upheld. | ||
| 590 | _aABS | ||
| 650 | _aMURPHY V BRENTWOOD DC | ||
| 650 | _aPIRELLI GENERAL CABLE WORKS LTD V OSCAR FABER AND PARTNERS | ||
| 650 | _aABBOTT AND ANOTHER V WILL GANNON AND SMITH LTD | ||
| 690 | _aBUILT ENVIRONMENT-CONSTRUCTION DESIGN-CONSTRUCTION SPECIFICATION | ||
| 856 |
_uhttps://www.bailii.org/ew/cases/EWCA/Civ/2005/198.html _zView judgment free of charge at www.bailii.org... |
||
| 942 | _n0 | ||
| 999 |
_c74975 _d74975 |
||